书目信息 |
| 题名: |
土木工程施工组织
|
|
| 作者: | 董颇 , 李兵 主编 | |
| 分册: | ||
| 出版信息: | 武汉 武汉理工大学出版社 2016 |
|
| 页数: | 229页 | |
| 开本: | 26cm | |
| 丛书名: | ||
| 单 册: | ||
| 中图分类: | TU721 | |
| 科图分类: | ||
| 主题词: | 土木工程--tu mu gong cheng--施工组织--高等学校--教材 | |
| 电子资源: | ||
| ISBN: | 978-7-5629-4986-2 | |
| 000 | 00949nam 2200253 450 | |
| 001 | 0100003943 | |
| 005 | 20201103160404.21 | |
| 010 | @a978-7-5629-4986-2@dCNY30.00 | |
| 100 | @a20160517d2016 em y0chiy50 ea | |
| 101 | 0 | @achi |
| 102 | @aCN@b420000 | |
| 105 | @aa a 000yy | |
| 200 | 1 | @a土木工程施工组织@Atu mu gong cheng shi gong zu zhi@f董颇, 李兵主编 |
| 210 | @a武汉@c武汉理工大学出版社@d2016 | |
| 215 | @a229页@c图@d26cm | |
| 300 | @a高等学校土木工程专业“卓越工程师”教育“十二五”规划教材 普通高等教育土木工程专业指导性规范配套“十二五”规划教材 | |
| 320 | @a有书目 | |
| 330 | @a本书共分6章,包括:施工组织概论、流水施工原理、网络计划、单位工程施工组织设计、施工组织总设计、土木工程施工组织设计实例。 | |
| 606 | 0 | @a土木工程@Atu mu gong cheng@x施工组织@x高等学校@j教材 |
| 690 | @aTU721@v5 | |
| 701 | 0 | @a董颇@Adong po@4主编 |
| 701 | 0 | @a李兵@Ali bing@4主编 |
| 801 | 0 | @aCN@c20160515 |
| 905 | @a河南城建学院图书馆@dTU721@eD726 | |
| 土木工程施工组织/董颇, 李兵主编.-武汉:武汉理工大学出版社,2016 |
| 229页:图;26cm |
| 高等学校土木工程专业“卓越工程师”教育“十二五”规划教材 普通高等教育土木工程专业指导性规范配套“十二五”规划教材 |
| ISBN 978-7-5629-4986-2:CNY30.00 |
| 本书共分6章,包括:施工组织概论、流水施工原理、网络计划、单位工程施工组织设计、施工组织总设计、土木工程施工组织设计实例。 |
| ● |
| 相关链接 |
|
|
|
正题名:土木工程施工组织
索取号:TU721/D726
 
预约/预借
| 序号 | 登录号 | 条形码 | 馆藏地/架位号 | 状态 | 备注 |
| 1 | 1239419 | 212394194 | 建筑库201/201建筑库 27排3列4层/ [索取号:TU721/D726] | 在馆 | |
| 2 | 1285532 | 212855329 | 建筑库201/201建筑库 27排3列4层/ [索取号:TU721/D726] | 在馆 | |
| 3 | 1285533 | 212855338 | 建筑库201/201建筑库 27排3列4层/ [索取号:TU721/D726] | 在馆 | |
| 4 | 1285534 | 212855347 | 建筑库201/201建筑库 27排3列4层/ [索取号:TU721/D726] | 在馆 | |
| 5 | 1501449 | 215014491 | 城院文库/ [索取号:TU721/D726] | 在馆 |